Albums d'Astérix le Gaulois - Mort subite - Statistiques

Statistiques générales
  • Ce quiz a été pris 611 fois
  • Le résultat moyen est 12 sur 24
Answers on the Grid
Answers color-coded by a green-red scale on the quiz's grid according to % correct below.
Astérix le Gaulois
La serpe d'or
Le Devin
Le tour de Gaule d'Astérix
Le combat des chefs
Astérix en Amérique
Astérix chez les Bretons
Astérix et les Normands
Astérix et les corses
Astérix en Hispanie
Astérix aux Jeux Olympiques
Astérix en Corse
La couronne de César
La Zizanie
Le cadeau de César
Astérix et les druides
La Grande Traversée
Astérix et le Devin
Obélix et compagnie
Astérix et Cléopatre
Astérix légionnaire
Asterix et l'edelweiss
Astérix et le chaudron
Le bouclier arverne
Astérix en Egypte
Astérix chez les Helvètes
Le domaine des dieux
Astérix Gladiateur
Astérix et les Goths
Les lauriers de César
Compagnie Obélix
Le bouclier bougnat
Asterix dans la légion
Astérix chez les Belges
 
Statistiques - réponses
Réponse % Correct
Astérix aux Jeux Olympiques
65%
La serpe d'or
64%
Astérix chez les Bretons
61%
Astérix le Gaulois
60%
Astérix chez les Helvètes
58%
Le domaine des dieux
58%
Le combat des chefs
57%
Astérix et Cléopatre
56%
La Zizanie
56%
Astérix en Hispanie
52%
Le cadeau de César
52%
Les lauriers de César
52%
Astérix et les Normands
50%
Astérix légionnaire
50%
La Grande Traversée
50%
Astérix chez les Belges
49%
Le Devin
46%
Le tour de Gaule d'Astérix
46%
Astérix et les Goths
44%
Le bouclier arverne
44%
Astérix en Corse
43%
Astérix Gladiateur
41%
Obélix et compagnie
40%
Astérix et le chaudron
39%
Aucun quiz correspondant
Distribution des résultats
% des personnes avec chaque résultat
Percentile par nombre de réponses
Votre historique - résultats
Vous n’avez pas pris ce quiz